Public Policy: politics, Analysis, and Alternative (Record no. 5972)

MARC details
005 - DATE AND TIME OF LATEST TRANSACTION
control field 20250628105613.0
020 ## - INTERNATIONAL STANDARD BOOK NUMBER
International Standard Book Number 9781506358154
100 ## - MAIN ENTRY--PERSONAL NAME
Author name KRAFT, M. E
245 ## - TITLE STATEMENT
Title Public Policy: politics, Analysis, and Alternative
250 ## - EDITION STATEMENT
Edition statement 6th Ed
260 ## - PUBLICATION, DISTRIBUTION, ETC.
Place of publication, distribution, etc. New Delh
Name of publisher, distributor, etc. SAGE
Date of publication, distribution, etc. 2018
300 ## - PHYSICAL DESCRIPTION
Extent xxviii, 553p.: ill, Figure, Picture
Other physical details Index
Dimensions 24cm
700 ## - ADDED ENTRY--PERSONAL NAME
Other authors/Editors FURLONG, S. R
942 ## - ADDED ENTRY ELEMENTS (KOHA)
Source of classification or shelving scheme Dewey Decimal Classification
Koha item type Books
Holdings
Date last seen Total checkouts Full call number Barcode Date last checked out Cost, replacement price Price effective from Koha item type Lost status Source of classification or shelving scheme Damaged status Not for loan Withdrawn status Home library Current library Shelving location Date acquired Source of acquisition Cost, normal purchase price
03/09/2026 1 320.609 KAR MBY000738 01/06/2026 150000.00 06/28/2025 Books   Dewey Decimal Classification       CBE MBEYA CBE MBEYA General Collection 06/28/2025 Purchase 50000.00
06/28/2025   320.609 KAR MBY000742   150000.00 06/28/2025 Books   Dewey Decimal Classification       CBE MBEYA CBE MBEYA General Collection 06/28/2025 Purchase 50000.00
06/28/2025   320.609 KAR MBY000744   150000.00 06/28/2025 Books   Dewey Decimal Classification       CBE MBEYA CBE MBEYA General Collection 06/28/2025 Purchase 50000.00